000 00761nam a22001815i 4500
001 173090
003 ES-MaACL
005 20250729015221.0
008 091029s1880 sp |||| | spa d
080 _a354.34/.36(460).084.8
110 2 _aCuerpo Facultativo de Archiveros, Bibliotecarios y Anticuarios
_93353
245 1 0 _aEscalafón del Cuerpo Facultativo de Archiveros, Bibliotecarios y Anticuarios
_b: 1º de enero de 1880.
260 _aMadrid :
_b[s.n.],
_c1880 (
_fImp. del Colegio Nacional de Sordo-Mudos y de Ciegos)
300 _a13 p. ;
_c23 cm.
610 2 7 _aCuerpo Facultativo de Archiveros, Bibliotecarios y Anticuarios-
_vEscalafones
_2
_9141492
852 _aES-MaACL
_jT-871-F-13
_z.- Donat. Charro Hidalgo
999 _c173090
_d173090